01473cas a22003857a 450000100090000000300050000900500170001400800410003102000180007203500240009003700740011404000430018808200140023121000260024522200820027124500630035324600630041626000470047930000110052631000140053736200320055149000310058350000930061465000390070765000320074665500290077870000250080770000190083270000280085170000300087990600450090994200120095499900190096695201020098516573819ASAB20180827062648.0101209c20109999nyu x p 0 a0eng  a9789384568573 a(OCoLC)ocn693373400 bNova Science Publishers, 400 Oser Ave, Ste 1600, Hauppauge, NY 11788 aDLCbengcASABdDLCdOCLCFdOCLCOdDLC10a620.5214 aBio-Nano-Geo-Sciences 0aBio Nano Geo Sciences A biological route to nanotechnologyb(Hauppauge, N.Y.)00aBio-Nano-Geo-Sciences A biological route to nanotechnology aBio Nano Geo Sciences A biological route to nanotechnology a[Hauppauge, NY :bNova Science Publishers] a272 P. aIrregular1 aBegan with: Vol. 1 in 2010.0 aAdvances in nanotechnology aEditors: E.J. Chen and N. Peng, v. 1; Zacharie Bartul and Jérôme Trenor, v. 2- 0aNanotechnologyvPeriodicals.92033 7aNanotechnology.2fast92034 7aPeriodicals.2fast920351 aChen, E. Jack.920361 aPeng, N.920371 aBartul, Zacharie.920381 aTrenor, Jérôme.92039 a7bbbccserorigd2encipf20gn-oclcserc 2ddccBK c480167d480167 00102ddc40708NFICaASABbASABd2016-08-09l0o620.5 KHApASAB3385r2016-08-09w2016-08-09yBK